Southville International School and Colleges
Your cart is empty.
  • Cart
  • Lists
    Public lists Eva Luna New books Lux_list list_1
    Your lists Log in to create your own lists
  • Log in to your account
  • Your cookies
  • Search history
Southville International School and Colleges
  • Advanced search
  • Recent comments
  • Most popular
  • Libraries

Log in to your account

Log in with GOOGLE


If you do not have an external account, but do have a local account, you can still log in:

  1. Home
  2. MARC view: Brand lands, hot spots & cool spaces /
Normal view MARC view ISBD view

Brand lands, hot spots & cool spaces / (Record no. 39403)

[ view plain ]
MARC details
000 -LEADER
fixed length control field 00570nam a2200193 a 4500
003 - CONTROL NUMBER IDENTIFIER
control field OSt
005 - DATE AND TIME OF LATEST TRANSACTION
control field 20140311163014.0
008 - FIXED-LENGTH DATA ELEMENTS--GENERAL INFORMATION
fixed length control field 060922s19uu xx 00 eng d
020 ## - INTERNATIONAL STANDARD BOOK NUMBER
International Standard Book Number 0749445734
050 ## - LIBRARY OF CONGRESS CALL NUMBER
Classification number GT 3405
Item number .M5513 2004
100 ## - MAIN ENTRY--PERSONAL NAME
Personal name Mikunda, Christian
9 (RLIN) 30646
245 ## - TITLE STATEMENT
Title Brand lands, hot spots & cool spaces /
Statement of responsibility, etc Christian Mikunda.
260 ## - PUBLICATION, DISTRIBUTION, ETC. (IMPRINT)
Place of publication, distribution, etc London :
Name of publisher, distributor, etc Kogan Page,
Date of publication, distribution, etc 2004.
300 ## - PHYSICAL DESCRIPTION
Extent 221 p. :
Other physical details ill. ;
Dimensions 20 cm.
650 ## - SUBJECT ADDED ENTRY--TOPICAL TERM
Topical term or geographic name as entry element Special events
General subdivision Marketing.
9 (RLIN) 30647
650 ## - SUBJECT ADDED ENTRY--TOPICAL TERM
Topical term or geographic name as entry element Special events
General subdivision Planning.
9 (RLIN) 30648
942 ## - ADDED ENTRY ELEMENTS (KOHA)
Koha item type Books
Source of classification or shelving scheme Library of Congress Classification
Call number prefix Foreign
Holdings
Withdrawn status Lost status Source of classification or shelving scheme Damaged status Home library Current library Shelving location Date acquired Total Checkouts Full call number Barcode Date last seen Copy number Price effective from Koha item type
    Library of Congress Classification   College Library College Library General Circulation Section 01/08/2014   GT 3405 .M5513 2004 C7722 05/15/2018 1 03/11/2014 Books

Brand lands, hot spots & cool spaces /

APA

Mikunda C., . (2004). Brand lands, hot spots & cool spaces. London: Kogan Page.

Chicago

Mikunda Christian, . 2004. Brand lands, hot spots & cool spaces. London: Kogan Page.

Harvard

Mikunda C., . (2004). Brand lands, hot spots & cool spaces. London: Kogan Page.

MLA

Mikunda Christian, . Brand lands, hot spots & cool spaces. London: Kogan Page. 2004.

  • Place hold
  • Print
  • Cite
  • Add to your cart (remove)
  • Save record
    BIBTEX Dublin Core MARCXML MARC (non-Unicode/MARC-8) MARC (Unicode/UTF-8) MARC (Unicode/UTF-8, Standard) MODS (XML) RIS
  • More searches
    Search for this title in:
    Other Libraries (WorldCat) Other Databases (Google Scholar) Online Stores (Bookfinder.com) Open Library (openlibrary.org)

Exporting to Dublin Core...

SOUTHVILLE LIBRARY

Southville International School and Colleges Library

1281 Tropical Ave. Cor. Luxembourg St., BF Homes International, Las Pinas City

Tel. No. 8256374 / 252358 Loc. 117/146

Powered by Koha